| 000 | 02432cam a22004695i 4500 | ||
|---|---|---|---|
| 999 |
_c28211 _d28182 |
||
| 001 | 14051269 | ||
| 003 | EG-ScBUE | ||
| 005 | 20200304100023.0 | ||
| 008 | 100301r20062004ii a f 001 0 eng d | ||
| 020 | _a818128481X | ||
| 035 | _a14051269 | ||
| 040 |
_aEG-ScBUE _beng _erda _cEG-ScBUE _dEG-ScBUE |
||
| 082 | 0 | 4 |
_a571.6028 _bLAB _222 |
| 245 | 0 | 0 |
_aLab-on-chips for cellomics : _bmicro and nanotechnologies for life science / _cedited by Helene Andersson, Royal Institute of Technology, Microsystem Technology, Stockholm, Sweden, Albert van den Berg, University of Twente, Enschede, the Netherlands. |
| 250 | _aFirst Indian reprint. | ||
| 250 | _aSpringer international edition. | ||
| 264 | 1 |
_aNew Delhi, India : _bSpringer, _c2006. |
|
| 300 |
_axv, 363 pages : _billustrations ; _c24 cm |
||
| 336 |
_atext _btxt _2rdacontent |
||
| 337 |
_acomputer _bc _2rdamedia |
||
| 338 |
_aonline resource _bcr _2rdacarrier |
||
| 347 |
_atext file _bPDF _2rda |
||
| 500 | _aIncludes index. | ||
| 520 | _aThe convergence of life sciences and micro/nanotechnologies is one of the fastest growing modern R and D areas with an enormous potential societal impact. Microfluidics or Lab-on-Chip (LOC) devices, also dubbed BioMEMS, are a fascinating example of this combination of two scientific areas. This book, which is the first volume entirely dedicated to microfabricated cell-based systems, will provide readers with a quick introduction to the field as well as with a variety of specific examples of such Lab-on-Chip systems for cellomics applications. It will give investigators inspiration for innovative research topics, whereas end users will be surprised about the wide variety of new and exciting applications. | ||
| 590 | _aAccess is available to the Yale community. | ||
| 650 | 7 |
_aCytology _xTechnique. _2BUEsh |
|
| 650 | 7 |
_aArtificial cells. _2BUEsh |
|
| 650 | 7 |
_aCell culture. _2BUEsh _937054 |
|
| 653 |
_bGGEN _cMarch2020 |
||
| 655 |
_vReading book _934232 |
||
| 700 | 1 |
_aAndersson-Svahn, Helene, _eeditor. _96353 |
|
| 700 | 1 |
_aBerg, A. J. van den, _eeditor. |
|
| 730 | 0 | _aSpringer ENIN. | |
| 773 | 0 | _tSpringer eBooks | |
| 776 | 0 | 8 |
_iPrinted edition: _z9789048101269 |
| 776 | 0 | 8 |
_iPrinted edition: _z9781402065620 |
| 776 | 0 | 8 |
_iPrinted edition: _z9781402028601 |
| 856 | 4 | 0 |
_yOnline book _uhttps://doi.org/10.1007/978-1-4020-2975-2 |
| 942 |
_2ddc _cBB |
||
| 946 | _aDO NOT EDIT. DO NOT EXPORT. | ||